States That Border Kentucky Quiz Stats

 Plays Quiz Updated Oct 19, 2017

Score 0/7 Timer 01:00
4 Plays Today
% Correct
Tennessee
96.1%
Ohio
92.3%
West Virginia
90.9%
Indiana
88.9%
Virginia
85.8%
Illinois
83.8%
Missouri
80.2%

You're not logged in!

Compare scores with friends on all Sporcle quizzes.
OR
Log In

You Might Also Like...

Show Comments

Extras

Top Quizzes Today


Score Distribution

Your Account Isn't Verified!

In order to create a playlist on Sporcle, you need to verify the email address you used during registration. Go to your Sporcle Settings to finish the process.

Report this User

Report this user for behavior that violates our Community Guidelines.

Details: